<?xml version="1.0" encoding="UTF-8"?><?xml-stylesheet type="text/xsl" href="static/style.xsl"?><OAI-PMH xmlns="http://www.openarchives.org/OAI/2.0/" xmlns:xsi="http://www.w3.org/2001/XMLSchema-instance" xsi:schemaLocation="http://www.openarchives.org/OAI/2.0/ http://www.openarchives.org/OAI/2.0/OAI-PMH.xsd"><responseDate>2026-06-29T07:24:46Z</responseDate><request verb="GetRecord" identifier="oai:docta.ucm.es:20.500.14352/99937" metadataPrefix="marc">https://docta.ucm.es/rest/oai/request</request><GetRecord><record><header><identifier>oai:docta.ucm.es:20.500.14352/99937</identifier><datestamp>2024-02-14T01:02:28Z</datestamp><setSpec>com_20.500.14352_14</setSpec><setSpec>col_20.500.14352_15</setSpec></header><metadata><record xmlns="http://www.loc.gov/MARC21/slim" xmlns:dcterms="http://purl.org/dc/terms/" xmlns:xsi="http://www.w3.org/2001/XMLSchema-instance" xmlns:doc="http://www.lyncode.com/xoai" xsi:schemaLocation="http://www.loc.gov/MARC21/slim http://www.loc.gov/standards/marcxml/schema/MARC21slim.xsd">
   <leader>00925njm 22002777a 4500</leader>
   <datafield ind2=" " ind1=" " tag="042">
      <subfield code="a">dc</subfield>
   </datafield>
   <datafield ind2=" " ind1=" " tag="720">
      <subfield code="a">Bravo Rozas, María Cristina</subfield>
      <subfield code="e">author</subfield>
   </datafield>
   <datafield ind2=" " ind1=" " tag="260">
      <subfield code="c">2017-12-17</subfield>
   </datafield>
   <datafield ind2=" " ind1=" " tag="520">
      <subfield code="a">Los Teatros Universitarios Hispanoamericanos fueron en su mayoría herederos de La Barraca de García Lorca y de la experiencia de dramaturgos, actores y actrices exiliados en Hispanoamérica como Margarita Xirgu. Este artículo pretende ahondar en las diferencias y similitudes entre estos teatros universitarios y el TEU en su primera andadura (1940-1950) y mostrar la gran importancia que alcanzan para los teatros nacionales, así como la poca relación que existía entre los Teatros Universitarios Hispanoamericanos y el TEU.</subfield>
   </datafield>
   <datafield ind1="8" ind2=" " tag="024">
      <subfield code="a">Bravo Rozas, C. (2018) «Los teatros universitarios hispanoamericanos y el TEU entre 1940-1950», Anales de Literatura Española, (29-30), pp. 175–189. doi: 10.14198/ALEUA.2018.29-30.08.</subfield>
   </datafield>
   <datafield ind1="8" ind2=" " tag="024">
      <subfield code="a">2695-4257</subfield>
   </datafield>
   <datafield ind1="8" ind2=" " tag="024">
      <subfield code="a">10.14198/ALEUA.2018.29-30.08</subfield>
   </datafield>
   <datafield ind1="8" ind2=" " tag="024">
      <subfield code="a">https://hdl.handle.net/20.500.14352/99937</subfield>
   </datafield>
   <datafield ind1="8" ind2=" " tag="024">
      <subfield code="a">https://doi.org/10.14198/ALEUA.2018.29-30.08</subfield>
   </datafield>
   <datafield ind2="0" ind1="0" tag="245">
      <subfield code="a">Los teatros universitarios hispanoamericanos y el TEU entre 1940-1950</subfield>
   </datafield>
</record></metadata></record></GetRecord></OAI-PMH>